[Event "Muenster op"]
[Site "Muenster"]
[Date "1994.??.??"]
[Round "2"]
[White "Pasalic, Mehmed"]
[Black "Hollnack, Olaf"]
[Result "1-0"]
[WhiteElo "2375"]
[BlackElo "2155"]
[PlyCount "120"]
[EventDate "1994.09.??"]
[EventType "swiss"]
[EventRounds "9"]
[EventCountry "GER"]
[SourceTitle "EXT 1998"]
[Source "ChessBase"]
[SourceDate "1997.11.17"]
[SourceVersion "1"]
[SourceVersionDate "1997.11.17"]
[SourceQuality "1"]

1. d4 Nf6 2. Nf3 g6 3. b3 Bg7 4. Bb2 c5 5. dxc5 Qa5+ 6. Nbd2 Qxc5 7. e3 0-0 8. a3 d6 9. b4 Qc7 10. c4 b6 11. Be2 Bb7 12. 0-0 Nbd7 13. Rc1 Rac8 14. Nd4 Qb8 15. Bf3 Ne5 16. Bxb7 Qxb7 17. Qe2 Ne4 18. Nb1 Rfd8 19. f3 Nf6 20. b5 Ned7 21. Nc6 Re8 22. e4 Bh6 23. Rc2 Nh5 24. Nc3 Nb8 25. Nxb8 Rxb8 26. Nd5 e6 27. Nb4 Rbd8 28. Rd1 Qc7 29. Nc6 Rd7 30. a4 Nf4 31. Qe1 e5 32. Qh4 Bg7 33. Bc1 Ne6 34. Be3 Nd8 35. Nb4 Nb7 36. Nd5 Qc8 37. Kh1 Re6 38. Qh3 Qf8 39. Nb4 f5 40. Nc6 Nc5 41. a5 Qf7 42. axb6 axb6 43. Bxc5 dxc5 44. Rd5 fxe4 45. Nd8 Rxd8 46. Rxd8+ Bf8 47. Ra2 Rd6 48. Rxd6 Bxd6 49. Qc8+ Bf8 50. Qg4 Qxc4 51. Ra1 Qd4 52. Qe6+ Kh8 53. Qf6+ Kg8 54. Rf1 e3 55. Qxb6 e2 56. Re1 Qd2 57. Qe6+ Kg7 58. Qxe5+ Kf7 59. Qxe2 Qb4 60. Qe6+ Kg7 1-0